| 000 | 00520nac a22001931ca4500 | ||
|---|---|---|---|
| 001 | a987685352 | ||
| 008 | 170707s1997 gw |||| 000u rus d | ||
| 020 |
_a5860040253 _95-86004-025-3 |
||
| 041 | _arus | ||
| 245 | 0 | 0 | _aMenševiki v 1917 godu |
| 264 |
_aMoskva : _bROSSPEN, _c1997 |
||
| 300 | _a3 Bände | ||
| 700 | 1 |
_aGalili y García, Ziva _eHerausgeberIn |
|
| 710 | 2 | _aInternational Commission for Joint Studies in Russian History | |
| 942 | _cMG | ||
| 040 | _cRU-10907106 | ||
| 003 | RU-10907106 | ||
| 999 |
_c45525 _d45525 |
||